03677cam a22004934i 4500003000900000005001700009008004100026020001500067020001800082035002000100040003300120049000900153082002400162245011200186264008600298300005500384336002100439337002500460338002300485504004000508504003400548505174700582526001002329526001002339526001002349526001002359526000802369526000802377526000802385526000802393526000802401526000802409526000802417650002502425650005302450700004002503910002802543942001402571949019902585596000602784999016502790980005502955952017303010PE-LiUPU20250731172858.0170102s2016 xxua r b 001 0 eng d a0830850961 a9780830850969 a(Sirsi) a165797 aPE-LiUPUbspacPE-LiUPUerda aPRUA04a266.009051bT4622304aThe state of missiology today :bglobal innovations in Christian witness /cedited by Charles E. Van Engen. 1aDowners Grove, Illnois :bIVP Academic, an imprint of InterVarsity Press,c[2016] ax, 304 páginas bilustraciones ;c23 centimetros atext2rdacontent aunmediated2rdamedia avolume2rdacarrier aBibliografía : páginas 299-300. aÍndices: páginas 301-304.0 aIntroduction:tInnovating mission : retrospect and prospect in the field of missiology /rCharles E. Van Engen --gPart 1:tThe diffusion of innovation : looking backward to look ahead --tDonald A. McGavran: life, influence and legacy in mission /rGary L. McIntosh --tInnovations in missiological hermeneutics /rShawn B. Redford --tSeeing with church-growth eyes : the rise of indigenous church movements in mission praxis /rSarita D. Gallagher --tA "fuller" vision of God's mission and theological education in the new context of global Christianity /rWonsuk Ma --tWho is our Cornelius? : Learning from fruitful encounters at the boundaries of mission /rPascal D. Bazzell --tRethinking the nature of Christian mission : a South Korean perspective /rMoonjang Lee --tWhat does Rome have to do with Pasadena? : connecting Roman Catholic missiology with SWM/SIS innovations /rStephen Bevans --gPart 2:tThe implications of innovation : back to the future (looking forward) --tInnovation at the margins /rJayakumar Christian --tMission trajectories in the twenty-first century : interfaith roads best traveled /rTerry C. Muck --tMission in the Islamic world : making theological and missiological sense of Muhammad /rJohn A. Azumah --tEmergence of new paths : the future of mission in Roman Catholicism /rMary Motte -- Revisiting mission in, to and from Europe through contemporary image formation /rAnne-Marie Kool --tDeclaring the wonders of God in our own tongues : Africa, mission and the making of world Christianity /rJ. Kwabena Asamoah-Gyadu --tEschatology and mission : a Latin American perspective /rPablo A. Deiros --gConclusion:tA historian's hunches : eight future trends in mission /rScott W. Sunquist. aSEG42 aSEG41 aSEG40 aSEG39 aP94 aP87 aP86 aP85 aP77 aP76 aP3504aMisiones xTeoría.04aMisiones xTeoría.2fast0 (OCoLC) fst010238341 aEngen, Charles Edward van,eeditor. ajckbjvqcjckd20160102 2ddccBOOK a266.009051 T46wDEWEYc1i75480lCATALOGINGmBULp00.00r0sYtBOOKu2016-01-02xTEOLOGIAzPOSGRADO TEOLOGÍA0COMPRAo.CIRCNOTE. El documento es de alto precio.o.STAFF. Colección Teología a1 a266.009051 T46wDEWEYc14545i75481d14545f2021-11-10g5lCCODEBUL1mBULp36.00q1r0sYtBOOKu2017-1-2xTEOLOGIAPP850COMPRAo.STAFF. Colección Teología 81gALBERTO SANCHEZ Responsable de Automatización r2025-12-02 00:00:00i6l0o266.009051 T46p75481te1v41.00w2017-01-02xPGyBKzinventario-2023-12-13102ddc50708GENfP85aBULbBULcGENd2017-01-02eCOMPRAg36.00